| 000 | 00780 a2200169 4500 | ||
|---|---|---|---|
| 003 | NUST | ||
| 005 | 20221228132825.0 | ||
| 040 | _cNust | ||
| 082 | _a355.4,GAL | ||
| 100 |
_aGallagher.J James CSM _9106215 |
||
| 245 |
_aLow -intensity conflict / _hCSM james j. Gallagher |
||
| 260 |
_aRawalipind _bSAleem book centre, Lahore _c2002 |
||
| 300 | _ax,210 p .; | ||
| 505 | _aCommand control Communications and Intelligence (Page-9), Insurgency and Counterinsurgency (Page-33), Combating Terrorism (Page-77), Peacekeeping Operations (Page-109), Peacetime Contingency Operations (Page-131), Counter narcotics (Page-155), Combat Support (Page-169), Combat Services Support (Page-181). | ||
| 651 |
_aA guide for tactics, techniques, and procedures _9106216 |
||
| 942 |
_2ddc _cBK _k355.4,GAL |
||
| 999 |
_c190632 _d190632 |
||